| 000 | 00568nam a22002057a 4500 | ||
|---|---|---|---|
| 003 | OSt | ||
| 005 | 20140310182835.0 | ||
| 008 | 130605t xxu||||| |||| 00| 0 eng d | ||
| 020 | _a0139797092 | ||
| 050 |
_aQA 531 _b.H414 1995 |
||
| 082 |
_aM 516.24 _bH32 1995 |
||
| 245 |
_aPrentice hall trigonometry _cHayden, Jerome D.; Hall, Bettye |
||
| 260 |
_aPhilippines : _bAnvil Publishing, Inc., _cc1995. |
||
| 300 |
_aviii, 472 p. _bill. ; _c24 cm. |
||
| 521 | _aCollege Students | ||
| 526 | _c1210L-1700L | ||
| 541 | _j1 | ||
| 562 | _e1 | ||
| 942 |
_2lcc _cBK _kM |
||
| 999 |
_c16724 _d16724 |
||